000 00273nam a22001097a 4500
008 240715b |||||||| |||| 00| 0 eng d
100 _aSharma, Dwarka Prasad
_917043
245 _aGandhi Jiwan Rahashya
260 _bSharma Dwarka;
_c-
_aSind:
300 _a128p.
942 _cBK
999 _c40391
_d40391